| 000 | 00592nam a2200205Ia 4500 | ||
|---|---|---|---|
| 003 | OSt | ||
| 005 | 20250305140723.0 | ||
| 008 | 210210b1981 xxu||||| |||| 00| 0 eng d | ||
| 040 | _cAL | ||
| 041 | _ahin | ||
| 082 | _aH891.2 KUMT | ||
| 100 |
_aKUMAR (Vishu): _9204313 |
||
| 110 |
_bकुमार विष्णु _9204314 |
||
| 245 |
_aTalo mein band praja tantr.: _bतालो में बांध प्रजातंत्र |
||
| 260 |
_aNayi Dilli _bNeshanal Pablishing Haus _c1981 |
||
| 300 | _a95 | ||
| 690 |
_aHindi Drama _9204315 |
||
| 906 | _a035510 | ||
| 942 |
_2ddc _cBK |
||
| 999 |
_c86082 _d86082 |
||